Hodnotenie zmestnancov metódou mystery schopping diplomová práca

Enregistré dans:
Détails bibliographiques
Auteur principal: Jalčoviková, Katarína
Collectivité auteur: Podnikovohospodárska fakulta EU so sídlom v Košiciach. Katedra manažmentu
Autres auteurs: Bruothová, Michaela, 1979-
Format: Livre
Langue:slovaque
Publié: Košice 2015
Tags: Ajouter un tag
Pas de tags, Soyez le premier à ajouter un tag!

MARC

LEADER 00000nbm a2200000 4500
001 0202151
005 20161212094351.1
041 0 |a slo 
044 |a SK 
245 1 0 |a Hodnotenie zmestnancov metódou mystery schopping  |b diplomová práca  |c Katarína Jalčoviková ; školiteľ: Michaela Bruothová 
264 1 |a Košice  |c 2015 
300 |a 65 s. 
100 1 |a Jalčoviková, Katarína 
700 1 |a Bruothová, Michaela, 1979- 
710 2 |a Podnikovohospodárska fakulta EU so sídlom v Košiciach. Katedra manažmentu